Statistics for Celestial Objects by Constellation #2

Click here to take the quiz!

General Stats

  • This quiz has been taken 7 times
  • The average score is 6 of 15

Answer Stats

Celestial ObjectConstellation% Correct
ArcturusBoötes
83%
Horsehead NebulaOrion
83%
FomalhautPiscis Austrinus
83%
La SuperbaCanes Venatici
67%
CoalsackCrux
50%
Beehive ClusterCancer
33%
Antennae GalaxiesCorvus
33%
North America NebulaCygnus
33%
Barnard's StarOphiuchus
33%
Double ClusterPerseus
33%
DiphdaCetus
17%
Polaris Galacticus BorealisComa Berenices
17%
Rosette NebulaMonoceros
17%
Flaming Star NebulaAuriga
0%
Hanny's VoorwerpLeo Minor
0%

Score Distribution

Percentile by Number Answered

Percent of People with Each Score

Your Score History

You have not taken this quiz